1918 1695 1215 1111 1836 1759 1717 1834 1331 1971 1389 1742 1198 1741 1442 1716 1647 1401 1929 1776 1698 1313 1389 1388 1413 1940 1959 1940 1767 1698 1962 1568 1823 1470 1482 1516 1781 1594 1976 1891 1341 1190 1512 1457 1810 1487 1567 1380 1023 1141 1095 1685 1487 1046 1261 1851 1768 1903 1170 1559 1514 1751 1101 1471 1981 1631 1269 1953 1595 1218 1936 1459 1108 1985 1722 1258 1590 1317 1140 1816 1400 1197 1762 1426 1148 1212 1713 1789 1033 1100 1316 1992 1367 1597 1097 1628 1859 1167 1975 BCNSPRNW ULIB Ver.6.0+V

เปลี่ยนเป็นภาษาไทย

Change to English
 แสดงรายละเอียดบรรณานุกรม
  กลับหน้าหลัก

Brief Record : Get Marc (ISO 2709) : E-mail record : QR code < ปิดหน้าต่าง
LEADER : 00000nam 2200000uu 4500
001    13399112958
003     ULIB
008    110919s2545||||th 000 0 tha d
020    97490540
050  4 LC3998.T5^bอ481ส ล.1 2545
100 0  อุษณีย์ อนุรุทธ์วงศ์ (โพธิสุข)
245 10 สร้างเด็กให้เป็นอัจฉริยะ ล.1 สำรวจแววเด็ก =^bRaising A Genius /^cอุษณีย์ อนุนุทธ์วงศ์ (โพธิสุข)
246 31 Raising A Genius
260    กรุงเทพฯ :^bมูลนิธิสดศรี-สฤษดิ์วงศ์,^c2545
300    140 หน้า :^bภาพประกอบ ;^c21 ซม.
440  0 หนังสือชุดสร้างเด็กให้เป็นอัจฉริยะ ;^vเล่มที่ 3
650  4 การศึกษาสำหรับผู้ที่มีความสามารถพิเศษ
945    ^p80^l0^i015267
945    ^p80^l0^i015268
945    ^p80^l0^i015269
995    ทศพร
999 ^a ทศพร
รายการนี้ยังไม่มีแท็ก
คุณยังไม่ได้ล็อกอิน คุณสามารถมีกิจกรรมร่วมกับเว็บไซต์ได้ แต่ต้องล็อกอินก่อน ::
  ล็อกอิน

รายการสื่อสารสนเทศ

ลำดับที่ ประเภท เลขเรียก/บาร์โค้ด สถานที่ สถานะ
- ไม่พบข้อมูล -

รายการใกล้เคียง
    ผู้แต่ง [อุษณีย์ อนุรุทธ์วงศ์ (โพธิสุข)]

    หัวเรื่อง [การศึกษาสำหรับผู้ที่มีความสามารถพิเศษ]

BibComment


ยังไม่เคยถูกคอมเมนท์

คอมเมนท์ทรัพยากรรายการนี้
  คอมเมนท์: สร้างเด็กให้เป็นอ..


 Copyright 2026. Bcnsprnw @Library